000 00260nam a22001217a 4500
008 170613b xxu||||| |||| 00| 0 eng d
041 _aeng
080 _a32
100 _a19
101 _aSHP
245 _aIDEAS AND DIPLOMACI
_cGRAEBNER.N
942 _2udc
_cBK
999 _c17162
_d17162